| 000 | 00423nam a2200157 i 4500 | ||
|---|---|---|---|
| 001 | bg | ||
| 100 | 1 | _aBOTHA, J. F. | |
| 245 | 0 |
_aFundamental concepts in the numerical solution of differential equations / _cJ.F. Botha, G.F. Pinder. |
|
| 260 |
_aNew York, _c1983. |
||
| 700 | 1 | _aPINDER, George Francis | |
| 040 | _cBPK | ||
| 041 | _apol | ||
| 080 | _a519.63 | ||
| 942 | _cKS | ||
| 008 | s pl f |000 0 pol | ||
| 999 |
_c28302 _d28302 |
||
| 856 |
_uhttp://koha.tu.koszalin.pl/cgi-bin/koha/opac-detail.pl?biblionumber=28302 _yKatalog online BPK |
||